000 00334nam a22001337a 4500
008 171031b xxu||||| |||| 00| 0 eng d
020 _a9780028617565
041 _aeng
080 _a33
100 _a58
101 _aBUS
245 _aTHE INTERNATIONAL TRAVELES DOING BUSINESS IN EUROPEAN UNION
_cMORRISON.T
942 _2udc
_cBK
999 _c36774
_d36774